000 00527nam a2200205 i 4500
001 bgj
100 1 _aSERRAILLIER, Ian.
245 1 0 _aBeowulf the warrior :
_ba tale of monsters /
_cIan Serraillier.
260 _aNew York :
_bScholastic Book Services,
_c1974.
300 _a94 pp ;
_c20 cm.
650 9 _aBeowulf
650 9 _aEpic poetry, English (Old)
650 9 _aDragons
651 9 _aMonsters
655 _aPoetry
040 _cBPK
041 0 _aeng
942 _cKS
008 s uk f |000 0 eng
999 _c48837
_d48837
856 _uhttp://koha.tu.koszalin.pl/cgi-bin/koha/opac-detail.pl?biblionumber=48837
_yKatalog online BPK